| 000 | 01044pam a2200301 a 4500 | ||
|---|---|---|---|
| 001 | 3386 | ||
| 005 | 20250815124154.0 | ||
| 020 | _a0590477900 | ||
| 040 |
_aDLC _cDLC _dDLC _beng |
||
| 050 | 0 | 0 |
_aPZ7.R982 _b 1993 |
| 082 | 0 | 0 | _a813 |
| 100 | 1 | _aRylant, Cynthia | |
| 245 | 1 | 4 |
_aThe relatives came / _cstory by Cynthia Rylant ; illustrated by Stephen Gammell |
| 250 | _aFirst Scholastic printing , June 1993 | ||
| 260 |
_aNew York : _bScholastic , _c1985 |
||
| 300 |
_a31 unnumber pages : _bcolor illustrations ; _c26 cm. |
||
| 490 | _a Gammell's Appalachian Tales | ||
| 505 | _aZ | ||
| 520 | _aThe relatives come to visit from Virginia and everyone has a wonderful time. | ||
| 521 |
_a940
_bLexile AD |
||
| 521 |
_aZ
_bRaz-Plus |
||
| 650 | 1 |
_aFamily life _xFiction |
|
| 655 | 7 |
_aJuvenile literature _y1993. _2rbgenr |
|
| 655 | 7 |
_aReview copies (Publishing) _zNew York (N.Y.) _y20th century. _2rbpub |
|
| 700 | 1 |
_aGammell, Stephen _eillustrator |
|
| 906 |
_a7 _bcbc _corignew _d1 _eocip _f19 _gy-gencatlg |
||
| 942 |
_2ddc _cBK _n0 |
||
| 999 |
_c3386 _d3386 |
||